Normal view MARC view
  • BRIEF HISTORY OF SHER SHAH SURI, FORT ROHTAS

Entry Topical Term

Number of records used in: 1

001 - CONTROL NUMBER

  • control field: 63987

003 - CONTROL NUMBER IDENTIFIER

  • control field: NUST

005 - DATE AND TIME OF LATEST TRANSACTION

  • control field: 20210628203216.0

008 - FIXED-LENGTH DATA ELEMENTS

  • fixed length control field: 210628|| aca||aabn | a|a d

040 ## - CATALOGING SOURCE

  • Original cataloging agency: NUST
  • Transcribing agency: NUST

150 ## - HEADING--TOPICAL TERM

  • Topical term or geographic name entry element: BRIEF HISTORY OF SHER SHAH SURI, FORT ROHTAS

670 ## - SOURCE DATA FOUND

  • Source citation: Work cat.: (NUST): Pirzada , Mian Riaz Ahmed 63986, Brief history of sher shah suri, fort rohtas and (rohtas), 2005
© 2023 Central Library, National University of Sciences and Technology. All Rights Reserved.